00639nam a2200181 i 450000100060000000300090000600500170001500700030003200800410003510000450007624500700012126000620019130000220025370000220027585200220029799900170031995201210033659226ES-MaACL20251014063122.0t|031028s1909 fr ||||1| fre d1 aEmerson, Ralph Waldo, d1803-188294714713aLa conduita de la vie / cR.W. Emerson ; traduction de M. Dugard. aParis : b[s.n.], c1909 (eCoulommiers : fPaul Brodard) a294 p. ; c18 cm.1 aDugard, M.945924 aES-MaACLjF-10368 c59226d59226 00104070aATENEOMbATENEOMcSPP2d2008-01-17eSCl0oF-10368p1062127r2023-02-23 00:00:00w2023-02-23yMONOGRAFIA